000 00994nam a2200301Ia 4500
001 Para_609
003 CHAP
008 220125s2001 xx 000 0 und d
010 _a199369
040 _cCHAP
090 _aPA TESIS 1516
100 _aCamara Mota, Augusto
_924010
245 _aDiferenciación de aislamientos de Fusarium oxysporum Schl. f. sp. ciceri (Padw) Matuo & Sato. por Rapds /
_c por Augusto Camara Mota
260 _aChapingo, Méx. :
_b el autor
300 _a54 h.
502 _aTesis (M.C. Esp. en Protección Vegetal) UACh. Departamento Parasitología Agrícola
650 _aFusarium oxysporum
_944093
650 _aGarbanzo
_x enfermedades
_945605
650 _aHongos fitopatógenos
_956132
710 _aUACh. Departamento Parasitología Agrícola
_9164025
901 _aPA TESIS 1516
902 _aA
905 _a0000002001 ai 0000000000 00
910 _a2001
942 _cPARA
942 _cPARA
_d1
999 _c199369
_d199369